00583nam a22001697a 4500003000400000005001700004008004100021017004700062020001800109040002400127100002900151245007600180260004500256300002400301500006200325700002600387OSt20191125161215.0191125s2019 spc |||| |||| 000 m spa|d aDL B. 21.835-2019bBiblioteca de Catalunya a9788417007997 aES-BaUABbcatcCDMR1 aGuerriero, Leila,d1967-10aTeoría de la gravedad c/ Leila Guerriero ; prólogo de Pedro Mairal aBarcelona :bLibros del Asteroide,c2019 axi, 196 p. ;c20 cm aRecull d'articles publicats al diari El País, 2014-20191 aMairal, Pedro,d1970-